| 000 | 00575nam a2200193Ia 4500 | ||
|---|---|---|---|
| 003 | GCL | ||
| 008 | 140319s9999 xx 000 0 ara d | ||
| 040 |
_aGCL / _cGCL |
||
| 082 | 0 | 4 |
_a810.9 _bك ق |
| 100 | 1 | _aكيلانى حسن سند | |
| 245 | 1 | 0 |
_aقضايا ودراسات فى النقد / _cكيلانى حسن سند |
| 260 |
_a[S.N] : _bدار الثقافة للنشر والتوزيع ، _c1979 |
||
| 300 | _a134 ص | ||
| 490 | _a | ||
| 650 | 0 | 4 | _aالادب العربى |
| 650 | 0 | 4 | _aتاريخ ونقد |
| 650 | 0 | 4 | _aالمجموعات |
| 942 |
_2ddc _cBK |
||
| 999 |
_c31865 _d31865 |
||